| 000 | 00592nac a22001931u 4500 | ||
|---|---|---|---|
| 010 | _a 75000801 | ||
| 020 | _a0815505698 | ||
| 082 | 0 | 0 |
_a622.29 _bPEA |
| 090 |
_c9243 _d9243 |
||
| 100 | _aPearson, John S. | ||
| 245 | 1 | 0 |
_aOcean floor mining / _cJohn S. Pearson. |
| 260 |
_aPark Ridge, N.J. : _bNoyes Data Corp.,1975 _c1975. |
||
| 300 |
_aix, 201 p. : _bill. ; _c25 cm. |
||
| 440 | 0 |
_aOcean technology review ; _vno. 2 |
|
| 500 | _adistributer: Al-Ahram | ||
| 511 | _acatalogued by: wessam | ||
| 650 | 0 | _aOcean mining. | |
| 942 |
_cBB _k622.29PEA |
||
| 999 |
_c9243 _d9243 |
||